Introduction to industrial chemistry /

Gorde:
Xehetasun bibliografikoak
Egile nagusia: Frier, W.T (autor)
Beste egile batzuk: Holler, Albert C.
Formatua: Liburua
Hizkuntza:ingelesa
Argitaratua: Nueva York, EUA : McGraw-Hill, 1945, c1945
Gaiak:
Etiketak: Etiketa erantsi
Etiketarik gabe, Izan zaitez lehena erregistro honi etiketa jartzen!

MARC

LEADER 00000nam^a2200000^a^4500
001 000064275
005 20250521000000.0
009 20260310091058.588
037 |a Acervo ITESO - Biblioteca 
041 |a ING 
082 |a 660.  |b FRI 
100 |a Frier, W.T.  |e (autor) 
245 1 0 |a Introduction to industrial chemistry /  |c W. T. Frier, A. C. Holler. 
264 4 |a Nueva York, EUA :  |b McGraw-Hill,  |c 1945, c1945 
300 |a 368 p. 
336 |a texto  |b txt  |2 rdacontenido 
337 |a sin mediación  |b n  |2 rdamedio 
338 |a volumen  |b nc  |2 rdasoporte 
649 |a XX 
650 |a Ingeniería Química 
650 |a Ingeniería Química 
650 |a Química 
700 |a Holler, Albert C. 
910 |a Fondo General 
920 |a Impresos - Libros 
930 |a Colección General 
905 |a 101 
901 |a 0500017586  |b IT1  |c ACC  |u 20250521 
902 |a https://opac.biblio.iteso.mx/vufind/Record/000064275